000 00493nam a2200181Ia 4500
008 230917s9999||||xx |||||||||||||| ||und||
020 _cRS340
040 _e251221
_aMAIN
041 _aEnglish
082 _a346.086 M278I(2)
100 _aMahipal, Naresh
245 0 _aIntroduction to insurance laws
250 _a2nd ed.
260 _aAllahabad
_bCentral Law Publications
_c2017
300 _axxviii, 556 p.
500 _a3584 19/08/2019 HBD18/7564 05/12/2018 Main Budget
942 _cBK
999 _c32489
_d32489